000 00408nam a2200181Ia 4500
005 20250603145204.0
008 250603s9999 xx 000 0 und d
020 _a9780231897
050 _aKP 127 .S2/
100 _aSanni Abiola
245 0 _aIntroduction to Nigerian Business Law.
260 _aLagos
260 _bMaltHouse
260 _c2005
300 _a128 p
650 _aLagos
942 _cBK
999 _c41135
_d41135